Представление документа в формате RUSMARC

ПолеНазваниеЗначение
  Тип записи a
  Библиографический уровень m
001 Контрольный номер RU/УОНБ/EK/692202757
005 Дата корректировки 20250520124010.1
010 Индекс ISBN __
d Цена 11 к.
9 Тираж 1000 экз.
100 Данные общей обработки __
a Данные общей обработки 20211207d1974 u y0rusy0189||||ca
101 Язык документа 1_
a Язык текста rus
c Язык оригинала rum
102 Страна публикации __
a Страна публикации RU
105 Кодированные данные (монография) __
a Кодированные данные (монография) a z 000yy
200 Заглавие и сведения об ответственности 1_
a Заглавие Каталог
e Сведения, относящиеся к заглавию [пер. с рум.]
f Первые сведения об ответственности Союз худож. СССР, Союз худож. СРР
210 Выходные данные 1_
a Место издания Москва
c Издательство Сов. художник
d Дата издания 1974
215 Физическое описание __
a Объем [10] с.
c Иллюстрации/тип воспроизводства ил.
d Формат 22 см
225 Серия 1_
a Серия Дни румынской культуры в СССР, посвященные 30-летию освобождения Румынии от фашистского ига
606 Тематические рубрики 0_
a Основная рубрика Румынская живопись 20 в.
y Географическая подрубрика Москва
z Хронологическая подрубрика 1974
j Формальный подзаголовок Выставки
610 Ключевые слова 0_
a Ключевые слова румынская живопись
610 Ключевые слова 0_
a Ключевые слова румынское изобразительное искусство - выставки
610 Ключевые слова 0_
a Ключевые слова румынские художники
686 Индексы других классификаций __
a Классификационный индекс 85.143(4Р)
2 Код системы rubbk
710 Наименование организации. (Первичная ответственность) 02
a Организация/ юрисдикция Выставка румынской живописи
e Место проведения Москва
f Дата проведения 1974
4 Код отношения 570
712 Наименование организации (Вторичная ответственность) 02
a Организация/ юрисдикция Союз художников СССР
4 Код отношения 570
801 Источник записи _0
a Страна RU
b Организация Ульяновская ОНБ
c Дата составления 20211207
g Правила каталогизации RCR
801 Источник записи _1
a Страна RU
b Организация Ульяновская ОНБ
c Дата составления 20211207
g Правила каталогизации RCR
901 Тип документа __
t Тип документа m
909 Создатель записи __
a Создатель записи Шувалова
938 Служебная информация __
a Имя БД retro
b Имя библиотеки УОНБ
c Имя АИБС МАРК-SQL
d Номер DOC_ID в БД 386066